Neurology International [International Journal for Neurology and Neuroscience]

Enregistré dans:
Détails bibliographiques
Format: Publication en série
Langue:anglais
Publié: Basel MDPI
Tags: Ajouter un tag
Pas de tags, Soyez le premier à ajouter un tag!

MARC

LEADER 00000nls a2200000 4500
001 0297976
005 20260205092545.8
022 |a 2035-8377 
041 0 |a eng 
044 |a CH 
245 1 0 |a Neurology International  |b [International Journal for Neurology and Neuroscience] 
264 1 |a Basel  |b MDPI